This our sacrifice /

Bibliographic Details
Main Author: Horsfield, L. A. E.
Other Authors: Riley, Harold
Format: Book
Language:English
Published: New York : Morehouse-Gorham, [1953]
Edition:[1st] American ed.
Subjects:

MARC

Tag First Indicator Second Indicator Subfields
LEADER 00000cam a2200000 4500
001 in00000038304
005 20151007080945.0
008 800424r1953 nyua 00010 eng c
010 |a  53013042  
035 |a (OCoLC)06241613 
035 |9 AAF5655AM 
040 |a U.S.Q.B.R.  |c TXA  |d UtOrBLW 
049 |a TXAM  |c [234818] 
050 0 |a BX5949.C5  |b H67 1953 
082 0 |a 265.3 
092 |a 265.3  |b H817t 
100 1 |a Horsfield, L. A. E. 
245 1 0 |a This our sacrifice /  |c [by] L. A. E. Horsfield and H. Riley. 
250 |a [1st] American ed. 
264 1 |a New York :  |b Morehouse-Gorham,  |c [1953] 
300 |a 103 pages :  |b illustrations ;  |c 19 cm. 
336 |a text  |b txt  |2 rdacontent 
337 |a unmediated  |b n  |2 rdamedia 
338 |a volume  |b nc  |2 rdacarrier 
650 0 |a Lord's Supper  |x Anglican Communion. 
700 1 |a Riley, Harold. 
999 |a MARS 
999 f f |s fd2bb112-4228-3821-a097-bed921f6cd2d  |i dc65dd5d-d1fa-30fa-9783-6ad438fb0beb  |t 0 
952 f f |p ric  |a Texas A&M University  |b Rellis Campus  |c Joint Library Facility  |d Remote Storage  |t 0  |e BX5949.C5 H67 1953  |h Library of Congress classification  |i unmediated -- volume  |m A14800616426 
998 f f |a BX5949.C5 H67 1953  |t 0  |l Remote Storage